Wake up Alice, this is not Wonderland: Behavioral Economics Science in the Context of Human Behavior as a Potential Catalyst of Better Managerial Decision-Making

Na minha lista:
Detalhes bibliográficos
Autor principal: Hudec, Martin
Formato: Capítulo de Livro
Idioma:inglês
Assuntos:
Tags: Adicionar Tag
Sem tags, seja o primeiro a adicionar uma tag!

MARC

LEADER 00000nla a2200000 4500
001 0226222
005 20240502073721.7
041 0 |a eng 
044 |a SK 
245 1 0 |a Wake up Alice, this is not Wonderland: Behavioral Economics Science in the Context of Human Behavior as a Potential Catalyst of Better Managerial Decision-Making  |c Martin Hudec 
610 2 0 |a ekonómia behaviorálna 
610 2 0 |a teórie ekonomické 
610 2 0 |a vzťahy spoločenské 
100 1 |a Hudec, Martin